Statistics for US Cities with Biggest Bed Bug Problem

Click here to take the quiz!

General Stats

  • This quiz has been taken 42 times
  • The average score is 15 of 20

Answer Stats

HintAnswer% Correct
4New York
100%
7Detroit
95%
6Los Angeles
92%
3Chicago
89%
2Washington, DC
89%
17Houston
87%
10San Francisco - Oakland - San Jose
87%
13Cleveland - Akron - Canton, Ohio
84%
15Dallas - Fort Worth
84%
9Philadelphia
84%
16Atlanta
82%
1Baltimore
76%
14Indianapolis
74%
19Charlotte
71%
5Columbus, Ohio
71%
18Buffalo
66%
8Cincinnati
63%
12Raleigh - Durham, NC
50%
20Norfolk-Portsmouth-Newport News
47%
11Richmond - Petersburg, VA
42%

Score Distribution

Percentile by Number Answered

Percent of People with Each Score

Your Score History

You have not taken this quiz